000
00333nam a22001457a 4500
008
221110b ||||| |||| 00| 0 eng d
020
_a
9781426628856
041
_a
eng
080
_a
612.39
082
_a
612.39 TUR
100
_a
16.2
101
_a
NUTRI
245
_a
NUTRITION IT'S YOUR LIFE SCIENE
_c
TURLEY J
942
_2
udc
_c
BK
999
_c
58848
_d
58848